000 00730nam a2200229Ia 4500
003 GCL
005 20240530103428.0
008 140319s9999 xx 000 0 ara d
040 _aGCL /
_cGCL
082 0 4 _a330.962
_bق/م ا
100 1 _aمحمود متولى
245 1 0 _aالاصول التاريخية للراسمالية المصرية وتطورها /
_cمحمود متولى
260 _aالقاهرة :
_bالهيئة المصرية العامة للكتاب ،
_c1974
300 _a353 ص ؛
_c24 سم
650 0 4 _aالعصر الحديث
650 0 4 _aمصر
650 0 4 _aتاريخ
650 0 4 _aالراسمالية
650 0 4 _aالراسماليون
650 0 4 _aبنك مصر
942 _2ddc
_cBK
999 _c39293
_d39293